Strategic management : (Record no. 11161)

MARC details
000 -LEADER
fixed length control field 00785nac a22001931u 4500
008 - FIXED-LENGTH DATA ELEMENTS--GENERAL INFORMATION
fixed length control field 090402t xxu||||| |||| 00| 0 eng d
010 ## - LIBRARY OF CONGRESS CONTROL NUMBER
LC control number 2005037878
020 ## - INTERNATIONAL STANDARD BOOK NUMBER
International Standard Book Number 97801350009345 (hardcover : alk. paper)
020 ## - INTERNATIONAL STANDARD BOOK NUMBER
International Standard Book Number 0135009340
035 ## - SYSTEM CONTROL NUMBER
System control number (OCoLC)ocm62766112
082 00 - DEWEY DECIMAL CLASSIFICATION NUMBER
Classification number 658.4
Item number CAR
245 10 - TITLE STATEMENT
Title Strategic management :
Remainder of title Adynamic perspective : concepts and cases /
Statement of responsibility, etc Mason A. Carpenter, Wm. Gerard Sanders.
250 ## - EDITION STATEMENT
Edition statement 2nd ed.
Remainder of edition statement Pearson international edition.
260 ## - PUBLICATION, DISTRIBUTION, ETC. (IMPRINT)
Place of publication, distribution, etc Upper Saddle River, N.J. :
Name of publisher, distributor, etc Pearson/Prentice Hall,
Date of publication, distribution, etc c2009.
300 ## - PHYSICAL DESCRIPTION
Extent 885 p. :
Other physical details ill. (chiefly col.) ;
Dimensions 29 cm.
504 ## - BIBLIOGRAPHY, ETC. NOTE
Bibliography, etc Includes bibliographical references and index.
856 41 - ELECTRONIC LOCATION AND ACCESS
Materials specified Table of contents only
Uniform Resource Identifier <a href="http://www.loc.gov/catdir/toc/ecip065/2005037878.html">http://www.loc.gov/catdir/toc/ecip065/2005037878.html</a>
942 ## - ADDED ENTRY ELEMENTS (KOHA)
Item type Book - Borrowing
Call number prefix 658.4CAR
Source of classification or shelving scheme Dewey Decimal Classification
Holdings
Withdrawn status Item status Source of classification or shelving scheme Damaged status Not for loan Vendor Home library Current library Shelving location Date acquired Source of acquisition Cost, normal purchase price Serial Enumeration / chronology Total Checkouts Full call number Barcode Date last seen Date last borrowed Koha item type
    Dewey Decimal Classification     Alahram Central Library Central Library First floor 02/04/2009   225.00 349 2 658.4 CAR 000015514 15/07/2025 23/02/2012 Book - Borrowing